| 000 | 00383nam a2200157Ia 4500 | ||
|---|---|---|---|
| 001 | 35476 | ||
| 003 | Ost | ||
| 005 | 20260507160529.0 | ||
| 008 | 251113s9999||||xx |||||||||||||| ||eng|| | ||
| 040 | _cnitttr | ||
| 041 | _aeng | ||
| 082 |
_aTS173 _bR98 2012eb |
||
| 100 | _aRyu, Dongsu. | ||
| 245 | 0 |
_aImproving Reliability and Quality for Product Success / _cRyu, Dongsu. |
|
| 942 | _cBK | ||
| 999 |
_c33065 _d33065 |
||